[Event "Geller Memorial op-A 7th"]
[Site "Odessa"]
[Date "2011.08.28"]
[Round "9"]
[White "Garifulin, Alexandr"]
[Black "Bernatskiy, Alexander"]
[Result "1-0"]
[WhiteElo "2270"]
[BlackElo "1963"]
[PlyCount "59"]
[EventDate "2011.08.20"]
[EventType "swiss"]
[EventRounds "9"]
[EventCountry "UKR"]
[SourceTitle "EXT 2014"]
[Source "ChessBase"]
[SourceDate "2013.11.20"]
[SourceVersion "1"]
[SourceVersionDate "2013.11.20"]
[SourceQuality "1"]

1. e4 c5 2. d4 cxd4 3. c3 dxc3 4. Nxc3 Nc6 5. Nf3 e6 6. Bc4 a6 7. a4 Qc7 8. 0-0 Ne5 9. Nxe5 Qxe5 10. Be3 Bc5 11. Bxc5 Qxc5 12. Qg4 Ne7 13. Ba2 0-0 14. Rac1 Qb6 15. Rc2 Nc6 16. Rd2 Nb4 17. Bb1 Nc6 18. Qg3 Qd8 19. f4 f5 20. exf5 exf5 21. Rfd1 b5 22. Kh1 bxa4 23. Nxa4 Qa5 24. Nc3 Rb8 25. h3 Rb4 26. Ba2+ Kh8 27. Rxd7 Bxd7 28. Rxd7 g6 29. Qh4 h5 30. Qg5 1-0

[Event "Geller Memorial op-A 7th"]
[Site "Odessa"]
[Date "2011.08.27"]
[Round "8"]
[White "Kharchenko, Boris"]
[Black "Garifulin, Alexandr"]
[Result "1-0"]
[WhiteElo "2450"]
[BlackElo "2270"]
[PlyCount "91"]
[EventDate "2011.08.20"]
[EventType "swiss"]
[EventRounds "9"]
[EventCountry "UKR"]
[SourceTitle "EXT 2014"]
[Source "ChessBase"]
[SourceDate "2013.11.20"]
[SourceVersion "1"]
[SourceVersionDate "2013.11.20"]
[SourceQuality "1"]

1. e4 Nf6 2. e5 Nd5 3. d4 d6 4. Nf3 dxe5 5. c4 e4 6. cxd5 exf3 7. Qxf3 g6 8. Nc3 Bg7 9. Bf4 c6 10. Bc4 0-0 11. 0-0-0 cxd5 12. Qxd5 Nd7 13. Rhe1 e6 14. Qf3 a6 15. Kb1 Qa5 16. Bd6 Re8 17. Nd5 Qd8 18. Bc7 Qg5 19. Bf4 Qd8 20. Nc7 Nb6 21. Bb3 a5 22. Nxa8 Nxa8 23. Be5 Nb6 24. Qc3 Nd5 25. Bxd5 Qxd5 26. Bxg7 Kxg7 27. f3 a4 28. Qc5 Qd8 29. d5 exd5 30. Qd4+ Kh6 31. Qxa4 Bf5+ 32. Ka1 Rxe1 33. Rxe1 Be6 34. Qf4+ Kg7 35. Qd4+ Kg8 36. a3 h5 37. Ka2 Qg5 38. g3 Qf5 39. Re3 Qc2 40. h4 Kh7 41. Rc3 Qg2 42. f4 Kg8 43. Rc7 b5 44. Rb7 Kh7 45. Rb8 g5 46. f5 1-0

[Event "Geller Memorial op-A 7th"]
[Site "Odessa"]
[Date "2011.08.24"]
[Round "5"]
[White "Garifulin, Alexandr"]
[Black "Kalchev, Vasiliy"]
[Result "1-0"]
[WhiteElo "2270"]
[BlackElo "2010"]
[PlyCount "57"]
[EventDate "2011.08.20"]
[EventType "swiss"]
[EventRounds "9"]
[EventCountry "UKR"]
[SourceTitle "EXT 2014"]
[Source "ChessBase"]
[SourceDate "2013.11.20"]
[SourceVersion "1"]
[SourceVersionDate "2013.11.20"]
[SourceQuality "1"]

1. e4 g6 2. h4 h5 3. d4 Bg7 4. Nc3 c6 5. Be3 d5 6. Qd2 Nf6 7. e5 Ng4 8. Bf4 Bf5 9. 0-0-0 Nd7 10. Nh3 e6 11. f3 Nh6 12. Nf2 f6 13. Be2 fxe5 14. dxe5 Nxe5 15. Bxe5 Bxe5 16. g4 hxg4 17. fxg4 Qb6 18. Rhf1 Bg3 19. Nh1 Nxg4 20. Nxg3 Ne3 21. Na4 Nxf1 22. Rxf1 Qc7 23. Nxf5 exf5 24. Qg5 Qh7 25. Kb1 Qxh4 26. Qxg6+ Ke7 27. Qxf5 Qxa4 28. Qe5+ Kd7 29. Rf7+ 1-0

[Event "Geller Memorial op-A 7th"]
[Site "Odessa"]
[Date "2011.08.23"]
[Round "4"]
[White "Molchanov, Alexey"]
[Black "Garifulin, Alexandr"]
[Result "1-0"]
[WhiteElo "2196"]
[BlackElo "2270"]
[PlyCount "55"]
[EventDate "2011.08.20"]
[EventType "swiss"]
[EventRounds "9"]
[EventCountry "UKR"]
[SourceTitle "EXT 2014"]
[Source "ChessBase"]
[SourceDate "2013.11.20"]
[SourceVersion "1"]
[SourceVersionDate "2013.11.20"]
[SourceQuality "1"]

1. c4 Nf6 2. Nc3 g6 3. g3 Bg7 4. Bg2 0-0 5. e3 e5 6. Nge2 Nc6 7. 0-0 d6 8. d3 Be6 9. Nd5 Rb8 10. f4 exf4 11. gxf4 Bxd5 12. cxd5 Ne7 13. e4 c6 14. dxc6 bxc6 15. Ng3 Nd7 16. f5 Bxb2 17. Bxb2 Rxb2 18. f6 Nc8 19. Qc1 Qb6+ 20. Kh1 Kh8 21. Qh6 Rg8 22. Bh3 Qd8 23. Rf4 Nf8 24. Rg1 Nb6 25. Be6 Qe8 26. Nf5 Rb5 27. Ne7 Nxe6 28. Rh4 1-0

[Event "Geller Memorial op-A 7th"]
[Site "Odessa"]
[Date "2011.08.21"]
[Round "2"]
[White "Andrenko, Irina"]
[Black "Garifulin, Alexandr"]
[Result "1/2-1/2"]
[WhiteElo "2272"]
[BlackElo "2270"]
[PlyCount "73"]
[EventDate "2011.08.20"]
[EventType "swiss"]
[EventRounds "9"]
[EventCountry "UKR"]
[SourceTitle "EXT 2014"]
[Source "ChessBase"]
[SourceDate "2013.11.20"]
[SourceVersion "1"]
[SourceVersionDate "2013.11.20"]
[SourceQuality "1"]

1. e4 d6 2. d4 Nf6 3. Bd3 e5 4. Nf3 Nbd7 5. c3 g6 6. 0-0 Bg7 7. Nbd2 0-0 8. Re1 Nh5 9. g3 Kh8 10. Nc4 Qe8 11. Ne3 Nb6 12. a4 a5 13. dxe5 dxe5 14. b3 h6 15. Ba3 Rg8 16. Nh4 Nf6 17. Qc2 Bf8 18. Bc1 Be6 19. Nf3 Nfd7 20. Nd2 Kh7 21. Ndc4 Qd8 22. Nxb6 Nxb6 23. Be2 Qc8 24. Bd2 Be7 25. Rad1 Rf8 26. Bd3 Rd8 27. Bc1 Bg5 28. h4 Bxe3 29. Bxe3 Nd7 30. Rd2 Nf6 31. f3 Rd7 32. b4 Qf8 33. Bc5 Qg7 34. Be3 Ne8 35. b5 Qf8 36. Qb2 f6 37. Red1 1/2-1/2

[Event "Geller Memorial op-A 7th"]
[Site "Odessa"]
[Date "2011.08.20"]
[Round "1"]
[White "Garifulin, Alexandr"]
[Black "Andreev, Volodymyr"]
[Result "1/2-1/2"]
[WhiteElo "2270"]
[BlackElo "1919"]
[PlyCount "129"]
[EventDate "2011.08.20"]
[EventType "swiss"]
[EventRounds "9"]
[EventCountry "UKR"]
[SourceTitle "EXT 2014"]
[Source "ChessBase"]
[SourceDate "2013.11.20"]
[SourceVersion "1"]
[SourceVersionDate "2013.11.20"]
[SourceQuality "1"]

1. d4 Nf6 2. c4 g6 3. Nc3 Bg7 4. e4 d6 5. Be2 0-0 6. Be3 Nc6 7. d5 Ne5 8. f4 Ned7 9. Nf3 e5 10. fxe5 dxe5 11. Qc2 a6 12. Nd2 Ng4 13. Bxg4 Qh4+ 14. g3 Qxg4 15. 0-0 f5 16. Qd1 Nf6 17. Bc5 Rf7 18. Qxg4 Nxg4 19. h3 Nf6 20. exf5 gxf5 21. Nf3 Nh5 22. Kg2 b6 23. Bf2 h6 24. Rfe1 e4 25. Nd4 Bd7 26. Ne6 Be5 27. Rad1 Kh7 28. Ne2 Rg8 29. Kh2 Bxe6 30. dxe6 Re7 31. Rd7 Rgg7 32. Rxe7 Rxe7 33. Nd4 f4 34. gxf4 Nxf4 35. Rxe4 Nd3+ 36. Bg3 Bxg3+ 37. Kxg3 Nxb2 38. Nc6 Re8 39. e7 Kg6 40. Re6+ Kg7 41. Kg4 Nxc4 42. Kh5 Nd6 43. Rxh6 Nf5 44. Re6 Kf7 45. Nd8+ Kg8 46. Rg6+ Ng7+ 47. Kg5 Rxe7 48. Kf6 Rd7 49. Ne6 Rf7+ 50. Ke5 Re7 51. Rxg7+ Rxg7 52. Nxg7 Kxg7 53. Kd5 c5 54. a4 a5 55. Ke5 Kg6 56. Kf4 Kh5 57. Kg3 Kg5 58. Kf3 Kh4 59. Kg2 Kh5 60. Kf3 Kg5 61. Kg3 Kf5 62. Kf3 Ke5 63. Ke3 Kf6 64. Kf3 Kg5 65. Kg3 1/2-1/2

[Event "Geller Memorial op-B1 6th"]
[Site "Odessa"]
[Date "2010.08.28"]
[Round "8"]
[White "Garifulin, Alexandr"]
[Black "Olifirenko, Oleg"]
[Result "1/2-1/2"]
[WhiteElo "2277"]
[BlackElo "2034"]
[PlyCount "89"]
[EventDate "2010.08.21"]
[EventType "swiss"]
[EventRounds "9"]
[EventCountry "UKR"]
[SourceTitle "EXT 2012"]
[Source "ChessBase"]
[SourceDate "2011.11.24"]
[SourceVersion "1"]
[SourceVersionDate "2011.11.24"]
[SourceQuality "1"]

1. d4 Nf6 2. c4 g6 3. Nc3 Bg7 4. e4 0-0 5. Be2 c5 6. Nf3 cxd4 7. Nxd4 Nc6 8. Be3 d6 9. f3 Qb6 10. Na4 Qa5+ 11. Bd2 Qh5 12. Nxc6 bxc6 13. 0-0 Rb8 14. Rc1 d5 15. exd5 cxd5 16. Bf4 e5 17. Bg3 d4 18. Re1 Bh6 19. Bd3 Bxc1 20. Qxc1 Re8 21. Bf1 Rb7 22. Qd2 Rbe7 23. b4 g5 24. h3 Qg6 25. b5 Nh5 26. Bf2 Nf4 27. c5 h5 28. Kh2 Qf5 29. b6 axb6 30. cxb6 g4 31. fxg4 hxg4 32. h4 f6 33. Nc5 Qg6 34. g3 Nh3 35. Bg2 Nxf2 36. Qxf2 d3 37. Be4 f5 38. Bxd3 Qxb6 39. Bc4+ Kh7 40. Bb3 Rc7 41. Rc1 e4 42. Qe3 Re5 43. Qg5 Rexc5 44. Qg8+ Kh6 45. Qg5+ 1/2-1/2

[Event "Geller Memorial op-A 6th"]
[Site "Odessa"]
[Date "2010.08.26"]
[Round "6"]
[White "Baranov, Jury"]
[Black "Garifulin, Alexandr"]
[Result "1/2-1/2"]
[WhiteElo "2142"]
[BlackElo "2277"]
[PlyCount "118"]
[EventDate "2010.08.21"]
[EventType "swiss"]
[EventRounds "9"]
[EventCountry "UKR"]
[SourceTitle "CBM 138 Extra"]
[Source "ChessBase"]
[SourceDate "2010.10.29"]
[SourceVersion "1"]
[SourceVersionDate "2010.10.29"]
[SourceQuality "1"]

1. d4 e6 2. Nf3 f5 3. g3 Nf6 4. Bg2 Be7 5. 0-0 0-0 6. c4 d6 7. Nc3 Qe8 8. Nd2 Nc6 9. d5 Nd8 10. Nb5 Qd7 11. dxe6 Nxe6 12. e4 fxe4 13. Nxe4 Nxe4 14. Bxe4 c6 15. Nc3 Nc5 16. Bg2 Qc7 17. Ne4 Nxe4 18. Bxe4 Bf5 19. Re1 Bxe4 20. Rxe4 Rf5 21. Qe2 Bf8 22. Bf4 Qd7 23. Rd1 d5 24. cxd5 Rxd5 25. Re1 Rd8 26. b3 Rd3 27. Re8 Rxe8 28. Qxe8 Qxe8 29. Rxe8 Kf7 30. Rb8 Rd7 31. Kf1 Be7 32. h3 Bd8 33. Ke2 Ke6 34. Be3 a6 35. h4 h6 36. h5 Kd6 37. b4 Ke5 38. Kf3 Kd5 39. Kg4 Ke5 40. f3 Ke6 41. Bc5 Kf6 42. f4 Ke6 43. Kf3 Kf7 44. Ke4 Kf6 45. g4 Ke6 46. a3 Kf7 47. Bd4 Bf6 48. Be5 Bd8 49. Kf5 Bf6 50. Bxf6 gxf6 51. Rh8 Rd5+ 52. Ke4 Kg7 53. Rc8 Rd7 54. a4 Kf7 55. b5 cxb5 56. axb5 axb5 57. Rc5 Ke6 58. Rxb5 Rc7 59. Rb6+ Kf7 1/2-1/2

[Event "Geller Memorial op-A 6th"]
[Site "Odessa"]
[Date "2010.08.23"]
[Round "3"]
[White "Garifulin, Alexandr"]
[Black "Pavlov, Sergey1111"]
[Result "0-1"]
[WhiteElo "2277"]
[BlackElo "2524"]
[PlyCount "152"]
[EventDate "2010.08.21"]
[EventType "swiss"]
[EventRounds "9"]
[EventCountry "UKR"]
[SourceTitle "CBM 138 Extra"]
[Source "ChessBase"]
[SourceDate "2010.10.29"]
[SourceVersion "1"]
[SourceVersionDate "2010.10.29"]
[SourceQuality "1"]

1. Nf3 Nf6 2. b3 c5 3. c4 b6 4. Bb2 Bb7 5. e3 e6 6. Be2 Be7 7. 0-0 0-0 8. d3 d5 9. cxd5 Nxd5 10. Nbd2 Nc6 11. a3 Bf6 12. Qc2 Rc8 13. Rac1 Qe7 14. Kh1 Rfd8 15. g4 Bxb2 16. Qxb2 Qf6 17. Qc2 Qg6 18. Qb2 Nf4 19. exf4 Nd4 20. Bd1 Qxd3 21. Kg2 Ne2 22. Bxe2 Qxe2 23. Kg3 Bxf3 24. Rfe1 Qxd2 25. Qxd2 Rxd2 26. Kxf3 Kf8 27. a4 Rcd8 28. Re3 Ra2 29. Kg3 Rdd2 30. Rf3 Rac2 31. Ra1 f5 32. h3 Rd6 33. Re3 Rcd2 34. Kf3 R2d3 35. Rc1 Ke7 36. Rc3 Rxc3 37. Rxc3 Rd5 38. Ke3 Rd1 39. Ke2 Rd4 40. Kf3 Kd6 41. Ke3 Kd5 42. Rc1 Rb4 43. Rc3 fxg4 44. hxg4 g5 45. Rd3+ Kc6 46. fxg5 Rxg4 47. Rd8 Rxg5 48. Rc8+ Kb7 49. Re8 Rg1 50. Kd2 Rb1 51. Kc3 Rc1+ 52. Kd3 Rd1+ 53. Kc3 Kc6 54. Rxe6+ Rd6 55. Re7 Rd7 56. Re8 Rf7 57. Re5 Kd6 58. Rh5 Ke6 59. a5 Kf6 60. axb6 axb6 61. Rh6+ Kg5 62. Rxb6 Rxf2 63. b4 cxb4+ 64. Rxb4 h5 65. Kd3 h4 66. Ke3 Rf7 67. Rb2 h3 68. Rb1 Kh4 69. Rh1 Ra7 70. Kf3 Ra2 71. Rc1 h2 72. Kf4 Kh3 73. Kf3 Ra8 74. Kf2 Rf8+ 75. Ke3 Kg2 76. Rc2+ Kg1 0-1

[Event "Geller Memorial op-A 4th"]
[Site "Odessa"]
[Date "2008.09.16"]
[Round "8"]
[White "Stolpovsky, Sergei"]
[Black "Garifulin, Alexandr"]
[Result "0-1"]
[WhiteElo "2133"]
[BlackElo "2288"]
[PlyCount "92"]
[EventDate "2008.09.09"]
[EventType "swiss"]
[EventRounds "9"]
[EventCountry "UKR"]
[SourceTitle "CBM 126 Extra"]
[Source "ChessBase"]
[SourceDate "2008.11.05"]
[SourceVersion "1"]
[SourceVersionDate "2008.11.05"]
[SourceQuality "1"]

1. d4 Nf6 2. c4 g6 3. Nc3 Bg7 4. e4 0-0 5. Nf3 d6 6. Be2 e5 7. d5 a5 8. 0-0 Na6 9. Qc2 Nh5 10. Bg5 Qe8 11. Nb5 f5 12. Bd2 b6 13. a3 Nf4 14. Bxf4 exf4 15. exf5 Bxf5 16. Bd3 Bxd3 17. Qxd3 Bxb2 18. Rae1 Qd7 19. Re2 Bf6 20. Qd2 g5 21. Nfd4 Nc5 22. Rfe1 Rae8 23. h3 Be5 24. Nf3 Qg7 25. Nbd4 Kh8 26. Qc2 Rg8 27. Nf5 Qf6 28. g4 fxg3 29. fxg3 g4 30. Nxe5 dxe5 31. h4 e4 32. Rf1 Rgf8 33. Kg2 Qe5 34. Qb2 Qxb2 35. Rxb2 h5 36. d6 cxd6 37. Rxb6 Re6 38. Rxd6 Rxd6 39. Nxd6 Rf3 40. Re1 e3 41. Rf1 e2 42. Re1 Re3 43. Nf5 Re4 44. Nd6 Re6 45. Nf7+ Kg7 46. Ng5 Re7 0-1

[Event "Odessa Region-ch"]
[Site "Odessa"]
[Date "2008.04.24"]
[Round "9"]
[White "Garifulin, Alexandr"]
[Black "Fingerov, Dmitry"]
[Result "0-1"]
[WhiteElo "2307"]
[BlackElo "2347"]
[PlyCount "60"]
[EventDate "2008.04.16"]
[EventType "swiss"]
[EventRounds "9"]
[EventCountry "UKR"]
[SourceTitle "CBM 123 Extra"]
[Source "ChessBase"]
[SourceDate "2008.05.06"]
[SourceVersion "1"]
[SourceVersionDate "2008.05.06"]
[SourceQuality "1"]

1. d4 d5 2. Nf3 Nf6 3. c4 e6 4. Nc3 dxc4 5. g3 c5 6. Qa4+ Nbd7 7. dxc5 Bxc5 8. Bg2 a6 9. 0-0 0-0 10. Qxc4 b5 11. Qh4 Bb7 12. Bg5 Qb6 13. Rad1 Rfe8 14. g4 Nd5 15. Bd2 Nf8 16. g5 Ng6 17. Qg4 e5 18. Ne4 Bc8 19. Qg3 Ndf4 20. Nd4 Bxd4 21. Bxf4 Nxf4 22. Rd2 Bf5 23. Nf6+ gxf6 24. Bxa8 Rxa8 25. gxf6+ Bg6 26. e3 Kh8 27. Rc1 Rg8 28. exd4 Qxf6 29. dxe5 Qxe5 30. Qc3 Be4+ 0-1

[Event "Geller Memorial op-A 3rd"]
[Site "Odessa"]
[Date "2007.09.12"]
[Round "5"]
[White "Dedkov, Evgen"]
[Black "Garifulin, Alexandr"]
[Result "0-1"]
[WhiteElo "2174"]
[BlackElo "2328"]
[PlyCount "64"]
[EventDate "2007.09.08"]
[EventType "swiss"]
[EventRounds "9"]
[EventCountry "UKR"]
[SourceTitle "CBM 120 Extra"]
[Source "ChessBase"]
[SourceDate "2007.11.01"]
[SourceVersion "1"]
[SourceVersionDate "2007.11.01"]
[SourceQuality "1"]

1. e4 d5 2. exd5 Qxd5 3. Nc3 Qd8 4. Nf3 g6 5. d4 Bg7 6. Bc4 Nh6 7. Be3 0-0 8. Qd2 Nf5 9. 0-0-0 Nd7 10. h4 h5 11. Ng5 Nb6 12. Bb3 a5 13. a3 a4 14. Ba2 c6 15. f3 Nxe3 16. Qxe3 Nd5 17. Nxd5 cxd5 18. g4 hxg4 19. h5 Ra6 20. hxg6 Rxg6 21. c3 e5 22. dxe5 Qxg5 23. f4 Qe7 24. Bxd5 Rd8 25. Qe4 Be6 26. Bxb7 Rxd1+ 27. Rxd1 Bb3 28. Re1 g3 29. Rg1 Qh4 30. Rh1 g2 31. Rxh4 g1Q+ 32. Kd2 Qf2+ 0-1

[Event "Ilichevsk Sunny Pawn-A"]
[Site "Ilichevsk"]
[Date "2007.07.20"]
[Round "1"]
[White "Garifulin, Alexandr"]
[Black "Rakhmangulov, Andrei"]
[Result "1/2-1/2"]
[WhiteElo "2328"]
[BlackElo "2304"]
[PlyCount "126"]
[EventDate "2007.07.20"]
[EventType "tourn"]
[EventRounds "11"]
[EventCountry "UKR"]
[EventCategory "1"]
[SourceTitle "CBM 119 Extra"]
[Source "ChessBase"]
[SourceDate "2007.09.04"]
[SourceVersion "1"]
[SourceVersionDate "2007.09.04"]
[SourceQuality "1"]

1. d4 Nf6 2. c4 c5 3. Nf3 cxd4 4. Nxd4 e5 5. Nb5 d5 6. cxd5 Bc5 7. e3 0-0 8. N5c3 Qe7 9. Be2 e4 10. a3 a6 11. b4 Bd6 12. Bb2 Rd8 13. Nd2 b5 14. Nb3 Nbd7 15. Nd4 Ne5 16. Qc2 Bb7 17. Nf5 Qc7 18. Nxd6 Rxd6 19. Rc1 Rc8 20. Qb1 Nc4 21. Na4 Qe7 22. Bd4 Rxd5 23. Bxc4 Rxc4 24. Rxc4 bxc4 25. Nc5 Rg5 26. g3 Bc6 27. Qc2 Nd7 28. Qxc4 Bb5 29. Qc3 Nxc5 30. bxc5 h5 31. Qb3 Qd7 32. h3 Rg6 33. g4 hxg4 34. a4 Bxa4 35. Qb8+ Qe8 36. Qxe8+ Bxe8 37. hxg4 Rxg4 38. Rh5 f6 39. Rd5 Rg1+ 40. Kd2 Rf1 41. Rd6 Bb5 42. c6 Rxf2+ 43. Kc3 Rf1 44. Kb4 Rb1+ 45. Kc5 Rc1+ 46. Kb6 Rxc6+ 47. Rxc6 Bxc6 48. Kxc6 Kf7 49. Kd5 f5 50. Ke5 g6 51. Kf4 a5 52. Kg5 a4 53. Bb2 Ke6 54. Kxg6 f4 55. exf4 e3 56. f5+ Kd5 57. f6 Kc4 58. Bc1 e2 59. Bd2 a3 60. f7 a2 61. f8Q a1Q 62. Qf4+ Kd3 63. Qe3+ Kc2 1/2-1/2

[Event "Ilichevsk Sunny Pawn-B"]
[Site "Ilichevsk"]
[Date "2006.07.30"]
[Round "12"]
[White "Garifulin, Alexandr"]
[Black "Romcovici, Victor"]
[Result "1-0"]
[WhiteElo "2291"]
[BlackElo "2310"]
[PlyCount "197"]
[EventDate "2006.07.20"]
[EventType "tourn"]
[EventRounds "13"]
[EventCountry "UKR"]
[EventCategory "1"]
[SourceTitle "CBM 113 Extra"]
[Source "ChessBase"]
[SourceDate "2006.09.14"]
[SourceVersion "1"]
[SourceVersionDate "2006.09.14"]
[SourceQuality "1"]

1. d4 Nf6 2. c4 Nc6 3. Nf3 e6 4. Nc3 Bb4 5. Qc2 d6 6. g3 0-0 7. Bg2 e5 8. a3 Bxc3+ 9. Qxc3 Re8 10. d5 Ne7 11. 0-0 h6 12. b3 Bg4 13. h3 Bh5 14. Bb2 Qd7 15. g4 Bg6 16. Nd2 Bh7 17. f4 Ng6 18. f5 Nf4 19. Rf2 Nxg2 20. Rxg2 Kf8 21. e4 b6 22. Qf3 Ke7 23. h4 Rf8 24. g5 hxg5 25. hxg5 Ne8 26. Rh2 Bg8 27. Kf2 f6 28. g6 c6 29. Kg3 Nc7 30. dxc6 Qxc6 31. Rc1 Rac8 32. a4 Na6 33. Ba3 Nc5 34. Re2 a6 35. Qe3 Qb7 36. Rc3 Rc7 37. Re1 Rfc8 38. Rec1 Qa7 39. Kf3 Qb7 40. Nf1 Nxe4 41. Qxe4 Bd5 42. cxd5 Rxc3+ 43. Rxc3 Rxc3+ 44. Ne3 Rxb3 45. Bc1 Qc8 46. Bd2 Qc5 47. Ke2 Qd4 48. Qxd4 exd4 49. Nc4 b5 50. Na5 d3+ 51. Ke3 Ra3 52. Nc6+ Ke8 53. axb5 axb5 54. Nd4 Ra1 55. Nxb5 Kd7 56. Kxd3 Rh1 57. Nd4 Rh3+ 58. Ke4 Rh4+ 59. Bf4 Rh8 60. Ne6 Rg8 61. Kd4 Ke7 62. Kc4 Kd7 63. Be3 Rc8+ 64. Kd3 Rg8 65. Bd4 Ke7 66. Ke4 Ke8 67. Ke3 Ke7 68. Kf4 Ke8 69. Ke4 Ke7 70. Kd3 Ke8 71. Kc4 Kd7 72. Kb5 Rb8+ 73. Bb6 Rg8 74. Ka6 Ra8+ 75. Kb7 Rg8 76. Bd4 Ke7 77. Kc7 Rh8 78. Nxg7 Rh2 79. Ne6 Rc2+ 80. Kb6 Rc1 81. Be3 Rc3 82. Bf4 Rd3 83. Kc6 Rc3+ 84. Kb5 Rc2 85. Bh6 Kd7 86. g7 Rg2 87. Nf4 Rb2+ 88. Kc4 Rb8 89. Ng6 Rg8 90. Nf8+ Ke7 91. Kd4 Kf7 92. Ke4 Ke7 93. Kf4 Kf7 94. Kg4 Ke7 95. Kf3 Kd8 96. Ke2 Ke7 97. Kd3 Kd8 98. Kc4 Kc7 99. Nh7 1-0

[Event "Ilichevsk Sunny Pawn-B"]
[Site "Ilichevsk"]
[Date "2006.07.24"]
[Round "5"]
[White "Garifulin, Alexandr"]
[Black "Skalski, Michal"]
[Result "0-1"]
[WhiteElo "2291"]
[BlackElo "2343"]
[PlyCount "136"]
[EventDate "2006.07.20"]
[EventType "tourn"]
[EventRounds "13"]
[EventCountry "UKR"]
[EventCategory "1"]
[SourceTitle "CBM 113 Extra"]
[Source "ChessBase"]
[SourceDate "2006.09.14"]
[SourceVersion "1"]
[SourceVersionDate "2006.09.14"]
[SourceQuality "1"]

1. d4 g6 2. c4 Bg7 3. g3 c5 4. d5 d6 5. Bg2 b5 6. Nd2 Nd7 7. Ngf3 Nb6 8. 0-0 Nf6 9. cxb5 a6 10. e4 axb5 11. Re1 0-0 12. Qc2 Ra7 13. a3 Nfd7 14. Rb1 Na4 15. Nb3 Ndb6 16. h3 Bd7 17. g4 Re8 18. Bf4 Qb8 19. Nbd2 Rc8 20. Bg5 Be8 21. Be3 Nd7 22. Bf1 Nf6 23. Be2 Qa8 24. g5 Nd7 25. Bxb5 Ndb6 26. Bf1 Rb7 27. b3 Nc3 28. Ra1 Nb5 29. a4 Bxa1 30. Rxa1 Nc7 31. Nc4 Nxc4 32. Bxc4 Bb5 33. Nd2 Rcb8 34. Ra3 Qa5 35. Ra1 Qa6 36. Ra3 Qa5 37. Ra1 Ra8 38. Kg2 Bxc4 39. Nxc4 Qb4 40. Nd2 Nb5 41. Qd3 Qc3 42. Qxc3 Nxc3 43. Rc1 Na2 44. Rc2 Nb4 45. Rc3 e6 46. dxe6 fxe6 47. Kf3 Kf7 48. Ke2 e5 49. f4 exf4 50. Bxf4 Ke6 51. Bg3 Nc6 52. Nf3 Rab8 53. Rd3 Rd8 54. Ke3 Nb4 55. Rc3 Na2 56. Rd3 Nc1 57. Rc3 Rxb3 58. Rxb3 Nxb3 59. Kd3 Rf8 60. Ne1 Ra8 61. Kc3 Nd4 62. Kd2 Rxa4 63. Nd3 Ra2+ 64. Kd1 Ra1+ 65. Kd2 Nf3+ 66. Ke3 Ra3 67. Ke2 Nxg5 68. Nf4+ Kd7 0-1

[Event "Ilichevsk Sunny Pawn-B"]
[Site "Ilichevsk"]
[Date "2006.07.23"]
[Round "4"]
[White "Voicu Jagodzinsky, Carmen"]
[Black "Garifulin, Alexandr"]
[Result "0-1"]
[WhiteElo "2286"]
[BlackElo "2291"]
[PlyCount "60"]
[EventDate "2006.07.20"]
[EventType "tourn"]
[EventRounds "13"]
[EventCountry "UKR"]
[EventCategory "1"]
[SourceTitle "CBM 113 Extra"]
[Source "ChessBase"]
[SourceDate "2006.09.14"]
[SourceVersion "1"]
[SourceVersionDate "2006.09.14"]
[SourceQuality "1"]

1. e4 c5 2. Nf3 e6 3. d4 cxd4 4. Nxd4 a6 5. Nc3 Qc7 6. Bd3 b5 7. 0-0 Bb7 8. Qe2 Nf6 9. e5 Nd5 10. Nxd5 Bxd5 11. a4 b4 12. c4 bxc3 13. bxc3 Nc6 14. f4 Be7 15. Nc2 Na5 16. Ne3 Bc6 17. Bb2 Nb3 18. f5 Nxa1 19. Bxa1 Bc5 20. fxe6 dxe6 21. Kh1 Qxe5 22. Nf5 Qxe2 23. Nxg7+ Ke7 24. Bxe2 Rad8 25. c4 Bd4 26. Bh5 Bxa1 27. Rxf7+ Kd6 28. c5+ Ke5 29. Re7 Bd5 30. c6 Kd6 0-1

[Event "Ilichevsk Sunny Pawn-B"]
[Site "Ilichevsk"]
[Date "2006.07.22"]
[Round "3"]
[White "Garifulin, Alexandr"]
[Black "Makarov, V."]
[Result "0-1"]
[WhiteElo "2291"]
[BlackElo "2272"]
[PlyCount "206"]
[EventDate "2006.07.20"]
[EventType "tourn"]
[EventRounds "13"]
[EventCountry "UKR"]
[EventCategory "1"]
[SourceTitle "CBM 113 Extra"]
[Source "ChessBase"]
[SourceDate "2006.09.14"]
[SourceVersion "1"]
[SourceVersionDate "2006.09.14"]
[SourceQuality "1"]

1. d4 d5 2. c4 c6 3. Nc3 Nf6 4. Nf3 dxc4 5. a4 Bf5 6. e3 e6 7. Bxc4 Bb4 8. 0-0 Nbd7 9. Qe2 0-0 10. Rd1 Bg6 11. h3 Qe7 12. Nh4 Bh5 13. g4 Ne4 14. Ng2 Bg6 15. Na2 Ba5 16. f3 Nd6 17. Bb3 f5 18. Bd2 Bc7 19. Be1 Bf7 20. f4 Ne4 21. Nc3 Ndf6 22. Nxe4 Nxe4 23. Bc2 Qd7 24. Bxe4 fxe4 25. Rac1 a5 26. Rc3 Bb6 27. Rdc1 Be8 28. Rb3 Ra6 29. Bh4 Qd5 30. Rbc3 Ra8 31. Be7 Rf7 32. Bh4 Bd7 33. Qc4 Bc7 34. Qe2 Bd6 35. Qc4 g6 36. Be1 Rff8 37. R3c2 b5 38. Qxd5 exd5 39. Ra1 Rfb8 40. axb5 Rxb5 41. Bc3 a4 42. Kf2 Rb3 43. Ra2 Kf7 44. Ne1 Ke7 45. Rc1 a3 46. bxa3 Bxa3 47. Rcc2 Rab8 48. Ng2 h5 49. Kg3 R8b7 50. Nh4 Kf7 51. Ng2 c5 52. dxc5 Bxc5 53. Ra5 Bb5 54. gxh5 gxh5 55. Bd2 Bb6 56. Ra1 d4 57. Kf2 d3 58. Rca2 Rc7 59. Rc1 Rxc1 60. Bxc1 Rc3 61. Bd2 Rc2 62. Rxc2 dxc2 63. Ne1 Ba4 64. Bc1 Ke6 65. Kg3 Ba5 66. Ng2 Kf6 67. Kh4 Be8 68. Bb2+ Kf5 69. Bc1 Bc3 70. Kg3 Bb5 71. Kf2 Ke6 72. Nh4 Bd7 73. Kg2 Kd5 74. Ng6 Kc4 75. Ne5+ Bxe5 76. fxe5 Kd3 77. Kg3 Ke2 78. h4 Kd1 79. Bb2 c1Q 80. Bxc1 Kxc1 81. Kf4 Bc6 82. Kg5 Be8 83. Kf4 Kd2 84. Kxe4 Ke2 85. e6 Kf2 86. Kf4 Ke2 87. e4 Kd3 88. e7 Kd4 89. Kf5 Kc5 90. Ke5 Kc6 91. Ke6 Kc7 92. Ke5 Kd7 93. Kf6 Kd6 94. Kf5 Kxe7 95. Ke5 Bd7 96. Kd5 Kf6 97. Kd6 Be6 98. Kc5 Ke5 99. Kb4 Kxe4 100. Kc3 Kf4 101. Kd4 Kg4 102. Ke3 Kxh4 103. Kf4 Bg4 0-1

[Event "Evpatoria tt U20"]
[Site "Evpatoria"]
[Date "2006.05.07"]
[Round "6"]
[White "Garifulin, Alexandr"]
[Black "Vovk, Yuri"]
[Result "1/2-1/2"]
[WhiteElo "2291"]
[BlackElo "2421"]
[PlyCount "93"]
[EventDate "2006.05.05"]
[EventType "team"]
[EventRounds "7"]
[EventCountry "UKR"]
[SourceTitle "CBM 112 Extra"]
[Source "ChessBase"]
[SourceDate "2006.07.14"]
[SourceVersion "1"]
[SourceVersionDate "2006.07.14"]
[SourceQuality "1"]

1. d4 Nf6 2. c4 e6 3. g3 d5 4. Bg2 Be7 5. Nf3 0-0 6. 0-0 c6 7. Nbd2 Nbd7 8. Qc2 b5 9. c5 a5 10. e4 Ne8 11. e5 Nc7 12. Re1 b4 13. Nf1 Nb5 14. h4 f5 15. exf6 Bxf6 16. Bg5 h6 17. Bxf6 Qxf6 18. Qd2 Ba6 19. Re3 Nc7 20. N1h2 Qf5 21. Rae1 Rae8 22. a4 Rf7 23. Ne5 Nxe5 24. Rxe5 Qd3 25. Nf1 Ref8 26. Qxd3 Bxd3 27. f4 Rf5 28. R5e3 Bxf1 29. Rxf1 h5 30. Bh3 R5f6 31. Rfe1 Kf7 32. f5 Re8 33. fxe6+ Nxe6 34. Kg2 g6 35. Re5 Re7 36. g4 hxg4 37. Bxg4 Nf4+ 38. Kg3 Ne6 39. h5 gxh5 40. Bxh5+ Kf8 41. Bg4 Kf7 42. R1e3 Rg6 43. Kh4 Rh6+ 44. Kg3 Rg6 45. Kh4 Rh6+ 46. Kg3 Rg6 47. Kh4 1/2-1/2